| 000 | 00401nam a2200121Ia 4500 | ||
|---|---|---|---|
| 008 | 220615s9999||||xx |||||||||||||| ||und|| | ||
| 245 | 0 |
_aAnopheles mosquitoes _bNew insights into malaria vectors |
|
| 546 | _aEnglish[eng] | ||
| 650 | _aInfectious & contagious diseases | ||
| 700 | _aManguin, Sylvie | ||
| 856 | _uhttps://mts.intechopen.com/storage/books/3092/authors_book/authors_book.pdf | ||
| 942 | _cEB | ||
| 999 |
_c14416 _d14416 |
||